000 00781nam a2200253Ia 4500
003 OSt
005 20220918184259.0
006 a|||||r|||| 00| 0
007 ta
008 220917b |||||||| |||| 00| 0 eng d
024 _a45,618
037 _cTextual
040 _aARTS
_cARTS
_beng
041 _2eng
_aeng
082 _aPp73,N65, L5 (-)
110 _aRegional Meeting (Of) Chicago Linguistic Society. Univ of Chicago , 1975
_965223
245 0 _aPapers ed by Robin E Grossman etc.
260 _aChicago
_bChicago Univ Press
_c1975
300 _a686p.
_ccm.
650 _aLINGUISTICS
700 _aRegional Meeting (Of) Chicago Linguistic Society. Univ of Chicago , 1975
_965224
942 _hPp73,N65, L5 (-)
_cTEXL
_2CC
999 _c175815
_d175815